Penulisan cerpen,kaedah dan pengalaman
| Main Author: | |
|---|---|
| Format: | Book |
| Published: |
Kuala lumpur :
Dewan bahasa dan pustaka ,
1980
|
MARC
| LEADER | 00000cam a2200000 7i4500 | ||
|---|---|---|---|
| 001 | 0000052518 | ||
| 005 | 20150929.0 | ||
| 008 | 150929 | ||
| 090 | 0 | 0 | |a 899.2807 |b ABD |
| 100 | 1 | |a Abdullah Hussain | |
| 245 | 1 | 0 | |a Penulisan cerpen,kaedah dan pengalaman |c Abdullah Hussain |
| 260 | |a Kuala lumpur : |b Dewan bahasa dan pustaka , |c 1980 | ||
| 999 | |a 0000000093 |b Book |c Adult Collection |e Cawangan Pontian | ||